Estadísticas para Países en una Copa Mundial de la FIFA

Haz click aquí para intentar la prueba.

Estadísticas generales

  • Esta prueba ha sido intentada 369 veces
  • La puntuación promedio es 14 de 16

Estadísticas de respuestas

PreguntaAzulejoSelect% Correcto
.Bélgica
96%
.México
96%
.MongoliaNo
93%
.FilipinasNo
91%
.Sudáfrica
91%
.Túnez
91%
.Arabia Saudita
90%
.Ecuador
89%
.Austria
87%
.Turquía
87%
.IndiaNo
86%
.Islandia
85%
.Canadá
81%
.Nueva Zelanda
78%
.Côte d'Ivoire
76%
.FinlandiaNo
73%

Distribución de puntuación

Porcentaje por número respondido

Porcentaje de gente con cada puntuación

Historial de tus puntuaciones

No has intentado esta prueba.